000 00401nam a2200145 i 4500
001 78421
003 ES-MaACL
007 t|
008 041014s1975 sp ||||1| spa d
100 1 _aHaupold Gay, Augusto Carlos.
_962093
245 1 0 _aSeres ínfimos
_b: (poemas) /
_cAugusto Haupold Gay.
260 _a[S.l. :
_bs.n.,
_c1975]
300 _a157 p. ;
_c21 cm.
852 _aES-MaACL
_jL-7773
_bR.108284
999 _c78421
_d78421